Leçons sur la théorie de l'élasticité / (Registro nro. 162360)

Detalles MARC
000 -LEADER
campo de control de longitud fija 00847nam a22002175i 4500
001 - NÚMERO DE CONTROL
campo de control 162360
003 - IDENTIFICADOR DE NÚMERO DE CONTROL
campo de control ES-MaACL
005 - FECHA Y HORA DE LA ÚLTIMA TRANSACCIÓN
campo de control 20230906212514.0
008 - DATOS DE LONGITUD FIJA--INFORMACIÓN GENERAL
campo de control de longitud fija 041108s1892 fr |||| | fre d
040 ## - FUENTE DE CATALOGACIÓN
Centro catalogador/agencia de origen CAM
Lengua de catalogación spa
Centro/agencia transcriptor CAM
100 1# - ENTRADA PRINCIPAL--NOMBRE DE PERSONA
Nombre de persona Poincaré, Henri.
9 (RLIN) 92751
245 10 - MENCIÓN DEL TÍTULO
Título Leçons sur la théorie de l'élasticité /
Mención de responsabilidad, etc. par H. Poincaré ; rédigées par Emile Borel et Jules Drach.
260 ## - PUBLICACIÓN, DISTRIBUCIÓN, ETC.
Lugar de publicación, distribución, etc. Paris :
Nombre del editor, distribuidor, etc. Gauthier-Villars, imprimeur-libraire,
Fecha de publicación, distribución, etc. 1892.
300 ## - DESCRIPCIÓN FÍSICA
Extensión 208, [2] p. ;
Dimensiones 25 cm.
490 1# - MENCIÓN DE SERIE
Mención de serie Cours de la Faculté des Sciences de Paris
596 ## - NOTA AL PIE DE IMPRENTA
NOTA AL PIE DE IMPRENTA Existe emisión con pie de imp.: Paris : Georges Carré, editeur, 1892.
650 #4 - PUNTO DE ACCESO ADICIONAL DE MATERIA--TÉRMINO DE MATERIA
Término de materia o nombre geográfico como elemento de entrada Elasticidad.
9 (RLIN) 135967
830 0# - PUNTO DE ACCESO ADICIONAL DE SERIE-TÍTULO UNIFORME
Título uniforme Cours de la Faculté des Sciences de Paris
9 (RLIN) 188388
852 ## - LOCALIZACIÓN
Ubicación ES-MaACL
Número de control de estantería F-3409
Nota libre -- Enc. hol., conservando la cub. original
Existencias
Estatus retirado Estado de pérdida Estado de daño No para préstamo Colección Biblioteca de origen Biblioteca actual Ubicación en estantería Fecha de adquisición Fuente de adquisición Total de préstamos Signatura topográfica completa Código de barras Visto por última vez Precio de reemplazo Tipo de ítem Koha
        Libros del s. XIX Biblioteca del Ateneo de Madrid Biblioteca del Ateneo de Madrid Depósito 2 17/01/2008     F-3409 1170095 23/02/2023 23/02/2023 Libro impreso antiguo